Банковский портфель-2 (Книга банковского менеджера. Книга банковского финансиста. Книга банковского юриста)

Bibliographic Details
Corporate Authors: Промстройбанк России, Ассоциация экономических вузов, Московский международный университет бизнеса и информационных технологий
Other Authors: Коробов Ю. И. (редактор), Рубин Ю. Б., Солдаткин В. И.
Summary:Исключено из фонда НТБ ТПУ
Language:Russian
Published: Москва, СОМИНТЭК, 1994
Series:Портфель делового человека 10
Format: Book
KOHA link:https://koha.lib.tpu.ru/cgi-bin/koha/opac-detail.pl?biblionumber=61728

MARC

LEADER 00000nam0a2200000 4500
001 61728
005 20231101211949.0
010 |a 5795800317 
035 |a (RuTPU)RU\TPU\book\65322 
035 |a RU\TPU\book\172 
090 |a 61728 
100 |a 20040319d1994 m y0rusy50 ca 
101 0 |a rus 
102 |a RU 
105 |a y z 000zy 
200 1 |a Банковский портфель-2 (Книга банковского менеджера. Книга банковского финансиста. Книга банковского юриста)  |f Промстройбанк России; Ассоциация экономических вузов; Московский международный университет бизнеса и информационных технологий; отв. ред. Ю. И. Коробов, Ю. Б. Рубин, В. И. Солдаткин 
210 |a Москва  |c СОМИНТЭК  |d 1994 
215 |a 749 с. 
225 1 |a Портфель делового человека  |v 10 
333 |a Исключено из фонда НТБ ТПУ 
702 1 |a Коробов  |b Ю. И.  |4 340 
702 1 |a  Рубин  |b Ю. Б.  |4 340 
702 1 |a Солдаткин  |b В. И.  |4 340 
712 0 2 |a Промстройбанк России  |9 24018 
712 0 2 |a Ассоциация экономических вузов 
712 0 2 |a Московский международный университет бизнеса и информационных технологий 
801 0 |a RU  |b 63413507  |c 20011209  |g PSBO 
801 2 |a RU  |b 63413507  |c 20220420  |g PSBO 
942 |c BK